| 000 | 00000nam 2200000za 4500 |
| 001 | 9.608807 |
| 003 | CaOODSP |
| 005 | 20220125145841 |
| 007 | ta |
| 008 | 150406s1994||||xxc||||| f|0| 0 eng d |
| 020 | |a0-8020-0574-8 |
| 040 | |aCaOODSP|beng |
| 043 | |an-cn--- |
| 086 | 1 |aD2-63/3-1994E |
| 110 | 1 |aCanada. |bDepartment of National Defence. |
| 245 | 14|aThe crucible of war, 1939-1945 / |cby Brereton Greenhous et al. |
| 260 | |aOttawa - Ontario : |bNational Defence |c1994. |
| 300 | |axxiv, 1096p. : |bfigs., graphs, illus., maps (some folded), organization charts, references ; |c26 cm. |
| 490 | 1 |aOfficial history of the Royal Canadian Air Force|vVolume III |
| 500 | |aContents: Air policy.--The fighter war.--The maritime air war.--The bomber war.--Air transport.--Appendices: RCAF casualties; Senior appointments.--Notes.--Index. N.B.: Co-published by the University of Toronto Press Inc., in cooperation with the Department of National Defence and the Canada Communication Group, Publishing Division. |
| 520 | 3 |aThe third of a projected four-volume series outlining the history of the Royal Canadian Air Force. Co-published with the University of Toronto Press. |
| 563 | |aClothbound |
| 590 | |a96-04|b1996-01-26 |
| 690 | 07|aArmed forces|2gcpds |
| 690 | 07|aWorld war, 1939-1945|2gcpds |
| 720 | 1 |aGreenhous, Brereton |
| 775 | 08|tLe creuset de la guerre 1939-1945 / |w(CaOODSP)9.620858 |
| 776 | 0#|tThe crucible of war, 1939-1945 / |w(CaOODSP)9.887859 |
| 830 | #0|aOfficial history of the Royal Canadian Air Force ;|vVolume III|w(CaOODSP)9.514500 |